000 00498nam a2200181Ia 4500
003 GCL
008 140319s9999 xx 000 0 ara d
040 _aGCL /
_cGCL
082 0 4 _aط
_b813.087
_bت ق
100 1 _aتيام بى، شانج
245 1 0 _aالقرعة السحرية /
_cتيام بى، شانج
700 1 _aلمياء حسين (مترجم)
490 _aكتاب
_v0
650 0 4 _aالاطفال
650 0 4 _aالقصص
650 0 4 _aقصص الاطفال
942 _2ddc
_cBK
999 _c42457
_d42457